<?xml version="1.0" encoding="UTF-8"?>
<record
    xmlns:xsi="http://www.w3.org/2001/XMLSchema-instance"
    xsi:schemaLocation="http://www.loc.gov/MARC21/slim http://www.loc.gov/standards/marcxml/schema/MARC21slim.xsd"
    xmlns="http://www.loc.gov/MARC21/slim">

  <leader>01322nam a2200301 a 4500</leader>
  <controlfield tag="001"> </controlfield>
  <controlfield tag="003">DO-SdBNP</controlfield>
  <controlfield tag="005">20230327120233.0</controlfield>
  <controlfield tag="008">081218s2007    dr            000 0 spa d</controlfield>
  <datafield tag="020" ind1=" " ind2=" ">
    <subfield code="a">9789993442639</subfield>
  </datafield>
  <datafield tag="040" ind1=" " ind2=" ">
    <subfield code="a">DO-SdBNP</subfield>
    <subfield code="b">spa</subfield>
    <subfield code="c">BPMSU </subfield>
  </datafield>
  <datafield tag="082" ind1=" " ind2=" ">
    <subfield code="a">RD863.4408</subfield>
    <subfield code="b">G216a 2007</subfield>
    <subfield code="2">22</subfield>
  </datafield>
  <datafield tag="100" ind1="1" ind2=" ">
    <subfield code="a">Garc&#xED;a Guerra, Iv&#xE1;n,</subfield>
    <subfield code="d">1938-</subfield>
  </datafield>
  <datafield tag="245" ind1="1" ind2="0">
    <subfield code="a">Antolog&#xED;a narrativa /</subfield>
    <subfield code="c">Iv&#xE1;n Garc&#xED;a Guerra.</subfield>
  </datafield>
  <datafield tag="260" ind1=" " ind2=" ">
    <subfield code="a">Santo Domingo :</subfield>
    <subfield code="b">Direcci&#xF3;n General de la Feria del Libro,</subfield>
    <subfield code="c">2007.</subfield>
  </datafield>
  <datafield tag="300" ind1=" " ind2=" ">
    <subfield code="a">417 p. ;</subfield>
    <subfield code="c">23 cm.</subfield>
  </datafield>
  <datafield tag="490" ind1="0" ind2=" ">
    <subfield code="a">Ediciones Ferilibro ;</subfield>
    <subfield code="v">104</subfield>
  </datafield>
  <datafield tag="505" ind1="0" ind2=" ">
    <subfield code="a">Presentaci&#xF3;n: Lic. Alejandro Arvelo -- Algunos conceptos acerca de la narrativa de Iv&#xE1;n Guerra / Le&#xF3;n David -- El gran cuento (Primera parte) -- El gran cuento (Segunda parte) -- El gran cuento (Tercera parte) -- El gran cuento (Cuarta parte) -- El gran cuento (Quinta parte) -- El gran cuento (Sexta parte) -- El gran cuento (S&#xE9;ptima parte) -- Siglo veinte.</subfield>
  </datafield>
  <datafield tag="590" ind1=" " ind2=" ">
    <subfield code="a">Inventariado, 2021/VM</subfield>
  </datafield>
  <datafield tag="600" ind1="1" ind2="4">
    <subfield code="a">Garc&#xED;a Guerra, Iv&#xE1;n </subfield>
    <subfield code="d">1938-</subfield>
    <subfield code="x">Cr&#xED;tica e interpretaci&#xF3;n </subfield>
  </datafield>
  <datafield tag="650" ind1=" " ind2="4">
    <subfield code="a">Cuentos dominicanos</subfield>
    <subfield code="v">Colecciones </subfield>
  </datafield>
  <datafield tag="650" ind1=" " ind2="4">
    <subfield code="a">Literatura dominicana.</subfield>
  </datafield>
  <datafield tag="700" ind1="1" ind2=" ">
    <subfield code="a">Arvelo, Alejandro</subfield>
  </datafield>
  <datafield tag="700" ind1="1" ind2=" ">
    <subfield code="a">Johson Benoit, Daniel</subfield>
  </datafield>
  <datafield tag="710" ind1="2" ind2=" ">
    <subfield code="a">Feria Internacional del Libro (Rep&#xFA;blica Dominicana)</subfield>
  </datafield>
  <datafield tag="910" ind1=" " ind2=" ">
    <subfield code="a">VMateo V.</subfield>
  </datafield>
  <datafield tag="942" ind1=" " ind2=" ">
    <subfield code="2">ddc</subfield>
    <subfield code="c">BK</subfield>
  </datafield>
  <datafield tag="952" ind1=" " ind2=" ">
    <subfield code="0">0</subfield>
    <subfield code="1">0</subfield>
    <subfield code="2">ddc</subfield>
    <subfield code="4">0</subfield>
    <subfield code="7">0</subfield>
    <subfield code="8">CD</subfield>
    <subfield code="a">BPMET</subfield>
    <subfield code="b">BPMET</subfield>
    <subfield code="d">2021-11-09</subfield>
    <subfield code="e">Fundac&#xF3;n Juan Bosch </subfield>
    <subfield code="o">BPMSU CD RD863.4408 G216a 2007</subfield>
    <subfield code="p">BPMSU21110075</subfield>
    <subfield code="r">2021-11-09</subfield>
    <subfield code="w">2021-11-09</subfield>
    <subfield code="y">BK</subfield>
  </datafield>
  <datafield tag="952" ind1=" " ind2=" ">
    <subfield code="0">0</subfield>
    <subfield code="1">0</subfield>
    <subfield code="2">ddc</subfield>
    <subfield code="4">0</subfield>
    <subfield code="7">0</subfield>
    <subfield code="8">CD</subfield>
    <subfield code="a">BPMET</subfield>
    <subfield code="b">BPMET</subfield>
    <subfield code="d">2021-11-09</subfield>
    <subfield code="e">Fundac&#xF3;n Juan Bosch </subfield>
    <subfield code="l">0</subfield>
    <subfield code="o">BPMSU CD RD863.4408 G216a 2007</subfield>
    <subfield code="p">BPMSU25060098</subfield>
    <subfield code="r">2025-06-24</subfield>
    <subfield code="t">e.2</subfield>
    <subfield code="w">2021-11-09</subfield>
    <subfield code="y">BK</subfield>
  </datafield>
  <datafield tag="952" ind1=" " ind2=" ">
    <subfield code="0">0</subfield>
    <subfield code="1">0</subfield>
    <subfield code="2">ddc</subfield>
    <subfield code="4">0</subfield>
    <subfield code="7">0</subfield>
    <subfield code="8">CD</subfield>
    <subfield code="a">BPMET</subfield>
    <subfield code="b">BPMET</subfield>
    <subfield code="d">2021-11-09</subfield>
    <subfield code="e">Fundac&#xF3;n Juan Bosch </subfield>
    <subfield code="l">0</subfield>
    <subfield code="o">BPMSU CD RD863.4408 G216a 2007</subfield>
    <subfield code="p">BPMSU25090053</subfield>
    <subfield code="r">2025-09-12</subfield>
    <subfield code="t">e.3</subfield>
    <subfield code="w">2021-11-09</subfield>
    <subfield code="y">BK</subfield>
  </datafield>
  <datafield tag="999" ind1=" " ind2=" ">
    <subfield code="c">13864</subfield>
    <subfield code="d">13864</subfield>
  </datafield>
</record>
